000 00249nam a22001217a 4500
008 260309b ||||| |||| 00| 0 eng d
041 _aeng
080 _a2.1
100 _a20.1
101 _aPoezi
245 _aPoezi
_cArshi Pipa
942 _2udc
_cBK
999 _c60878
_d60878